Pink Floyd Albums - Sudden Death - Statistics

General Stats
  • This quiz has been taken 349 times
  • The average score is 12 of 15
Answers on the Grid
Answers color-coded by a green-red scale on the quiz's grid according to % correct below.
The Dark Side of the Moon
Machine Head
Another Green World
The Endless River
A Momentary Lapse of Reason
Houses of the Holy
Unknown Pleasures
The Piper at the Gates of Dawn
Selling England by the Pound
Paranoid
A Saucerful of Secrets
Atom Heart Mother
Tago Mago
Animals
The Final Cut
Station to Station
The Division Bell
More
Marquee Moon
Transformer
Ummagumma
Innervisions
Close to the Edge
Wish You Were Here
The Wall
Obscured by Clouds
All Things Must Pass
Meddle
 
Answer Stats
Answer % Correct
The Dark Side of the Moon
99%
The Wall
90%
Wish You Were Here
89%
Animals
87%
The Piper at the Gates of Dawn
84%
A Momentary Lapse of Reason
82%
The Division Bell
82%
Atom Heart Mother
81%
Meddle
77%
Ummagumma
77%
A Saucerful of Secrets
75%
The Final Cut
75%
Obscured by Clouds
72%
The Endless River
71%
More
58%
No matching quizzes found
Score Distribution
Percent of People with Each Score
Percentile by Number Answered
Your Score History
You have not taken this quiz